| Registos Bibliográficos associados ao registo de autoridade |
|
Etiqueta de registo: 00000nam 2200025 450 001 2282682 003 http://id.bnportugal.gov.pt/bib/catbnp/2282682 100 ## $a20260323d2025 k y0pory01030103ba 101 0# $aeng$dpor 102 ## $aPT 105 ## $aa m 000yy 106 ## $ar 200 1# $aDesenvolvimento de um gerador de água atmosférica modular e autónomo para regiões
com infraestruturas limitadas$dDevelopment of a modular autonomous atmospheric water generator for low-infrastructure
regions$fWilly Hammer$gorient. Patrícia Sofia Matos dos Santos, Mário Miguel Azevedo Cerqueira$zeng 210 #9 $aAveiro$c[s.n.],$d2025 215 ## $a[7] f., XIII, 206 p.$cil.$d30 cm 328 #1 $aTese dout. Inovação em Empresas, Universidade de Aveiro, 2025 510 1# $aDevelopment of a modular autonomous atmospheric water generator for low-infrastructure
regions$zeng 675 ## $a556.18(043)$vBN$zpor$31358317 700 #1 $aHammer,$bWilly$31993075 702 #1 $aSantos,$bPatrícia Sofia Matos dos,$f1980-$4727$31475157 702 #1 $aCerqueira,$bMário Miguel Azevedo$4727$3962439 801 #0 $aPT$bBN$gRPC 966 ## $lBN$mFGMON$sS.A. 193447 V.$x1 971 ## $corlando$d20260323 972 ## $e0$z0$d20260413$vlrevez 973 ## $cigoulao$d20260407
|
|
|